Name the country #4 - Statistics

General Stats
  • This quiz has been taken 38 times
  • The average score is 4 of 5
Answer Stats
Hint Answer % Correct
That borders Canada and Mexico United States
97%
That is the biggest country sharing the Himalayas China
92%
That borders an Oceanic country Indonesia
81%
That has a capital of Baku Azerbaijan
75%
That has the largest number of islands Sweden
61%
No matching quizzes found
Score Distribution
Percent of People with Each Score
Percentile by Number Answered
Your Score History
You have not taken this quiz